[Event "GER Seniors Derby 05th"]
[Site "Wesel Undeloh"]
[Date "2006.04.23"]
[Round "7"]
[White "Bars, Joachim"]
[Black "Ruether, Werner"]
[Result "1-0"]
[WhiteElo "1787"]
[BlackElo "1729"]
[PlyCount "29"]
[EventDate "2006.04.20"]
[EventType "swiss"]
[EventRounds "7"]
[EventCountry "GER"]
[SourceTitle "EXT 2007"]
[Source "ChessBase"]
[SourceDate "2006.11.23"]
[SourceVersion "1"]
[SourceVersionDate "2006.11.23"]
[SourceQuality "1"]

1. d4 Nf6 2. c4 e6 3. Nc3 Bb4 4. e3 d5 5. Bd3 Nc6 6. Nge2 0-0 7. 0-0 e5 8. cxd5 Nxd5 9. dxe5 Bxc3 10. bxc3 Nxe5 11. Be4 Nf6 12. Qc2 Ng6 13. Ba3 Nxe4 14. Bxf8 Qxf8 15. Qxe4 1-0

[Event "GER Seniors Derby 05th"]
[Site "Wesel Undeloh"]
[Date "2006.04.20"]
[Round "2"]
[White "Ruether, Werner"]
[Black "Schertler, Karl"]
[Result "1-0"]
[WhiteElo "1729"]
[BlackElo "1490"]
[PlyCount "75"]
[EventDate "2006.04.20"]
[EventType "swiss"]
[EventRounds "7"]
[EventCountry "GER"]
[SourceTitle "EXT 2007"]
[Source "ChessBase"]
[SourceDate "2006.11.23"]
[SourceVersion "1"]
[SourceVersionDate "2006.11.23"]
[SourceQuality "1"]

1. e4 e6 2. d4 d5 3. Nd2 c5 4. exd5 Qxd5 5. Qf3 Qxd4 6. Bb5+ Nd7 7. Ne2 Qd5 8. Qh3 Ngf6 9. c4 Qd6 10. Qf3 a6 11. Ba4 Be7 12. 0-0 0-0 13. Ne4 Nxe4 14. Qxe4 Nf6 15. Qf3 Qb8 16. Bg5 b5 17. Bc2 Bb7 18. Qh3 h6 19. Bf4 Bd6 20. Bxh6 Bxh2+ 21. Kh1 Qe5 22. Nc3 bxc4 23. Be3 Bf4 24. Rfe1 Bxe3 25. Rxe3 Qh5 26. Qxh5 Nxh5 27. Kg1 Rfd8 28. g3 Nf6 29. Na4 Rd2 30. Bd1 Rad8 31. Be2 Nd5 32. Re5 Rc8 33. Bxc4 g6 34. Rae1 Kg7 35. R5e2 Rxe2 36. Rxe2 Kf6 37. Rd2 Ke7 38. Bf1 1-0